LEADER 01239nam a2200229 i 4500 001 000000069017 003 CaOOAMICUS 005 20100817000000.0 008 100817s1957 it u000 u ita u 013 $a40189 040 $aSeMil$bita 100 1 $aGhetti, Bruno.$0(OLS)http://semarc/name/34496 245 10$aGuida pratica per lo studio della personalità :$bconoscenze fondamentali per la ricerca fisica, psichica, didattica : strumenti e metodi per la pratica applicazione nella scuola /$cBruno Ghetti. 260 $aRoma :$bF.lli Palombi,$cstampa 1957. 300 $a352 p., [4] c. di tav. :$bill. ;$c25 cm. 650 4$aPersonalità.$0(OLS)http://semarc/subject/1961 650 4$aDidattica - Metodi - Valutazione.$0(OLS)http://semarc/subject/13687 650 4$aStudenti - Valutazione.$0(OLS)http://semarc/subject/3334 850 $aSeMil 852 $aSeMil$W1$xVenegono$y1$m2O IV 327$j35170$B35170$CSeMilBibl$Z2$F35173 $81 996 $6245$aGuida pratica per lo studio della personalità :$bconoscenze fondamentali per la ricerca fisica, psichica, didattica : strumenti e metodi per la pratica applicazione nella scuola$9(OLS)http://semarc/title/110455 996 $6260$aRoma :$bF.lli Palombi$9(OLS)http://semarc/publisher/42818 LEADER 01198nam a2200253 i 4500 001 000000080843 003 CaOOAMICUS 005 20180108000000.0 008 180108s1968 it u000 u ita u 013 $a53081 040 $aSeMil$bita 100 1 $aMarlé, René,$c.$0(OLS)http://semarc/name/8885 240 10$aDietrich Bonhoeffer : témoin de Jésus-Christ parmi ses frères.$0(OLS)http://semarc/title/101222 245 10$aDietrich Bonhoeffer :$btestimone di Gesù Cristo tra i suoi fratelli /$cRené Marlé. 260 $aBrescia :$bMorcelliana,$c1968. 300 $a246 p. ;$c19 cm. 490 0 $aUniversale moderna Morcelliana : questioni e problemi d'oggi ;$v31 600 14$aBonhoeffer, Dietrich <1906-1945>.$0(OLS)http://semarc/subject/5655 830 0$aUniversale moderna Morcelliana ;$v31.$0(OLS)http://semarc/title/6311 850 $aSeMil 852 $aSeMil$W1$xVenegono$y1$m2K I 69$j46216$B46216$CSeMilBibl$Z2$F48440 $81 961 $aRecupero: Seminario di Seveso 996 $6245$aDietrich Bonhoeffer :$btestimone di Gesù Cristo tra i suoi fratelli$9(OLS)http://semarc/title/404179 996 $6260$aBrescia :$bMorcelliana$9(OLS)http://semarc/publisher/29629